000 00350nam a2200145Ia 4500
005 20260328104245.0
008 260328s9999||||xx |||||||||||||| ||und||
100 _aChacón Torres, Mario
245 0 _aArte Virreinal en Potosi /
_cMario Chacón Torres
250 _a1a ed.
260 _bSevilla
300 _a329 p.
650 _aARTE
942 _cBK
999 _c10050
_d10050